|
|
|
|
| LEADER |
00000nab a2200000uu 4500 |
| 001 |
vtls011437701 |
| 003 |
SK-MaSNL |
| 005 |
20260303145624.0 |
| 008 |
230222| xo |||||||||||||||||cze| |
| 015 |
|
|
|a SNBRB
|
| 035 |
|
|
|a (urnnbn)urn:nbn:sk:snk:ar-002l7w
|
| 035 |
|
|
|a (uuid)37d7cef5-ea4b-47cd-b7ab-5bbaab443f1f
|
| 035 |
|
|
|a urn:nbn:sk:snk-abccss
|
| 040 |
|
|
|a SNKBUCL
|b slo
|c SNKBUCL
|e AACR2
|
| 041 |
0 |
|
|a cze
|
| 044 |
|
|
|a xo
|c SK
|
| 100 |
1 |
|
|a Fottová, Marie,
|d 1913-
|4 aut
|9 6615
|
| 245 |
1 |
0 |
|a Zavádíme do praxe oddělení pro přípravu dětí k základnímu vzdělání
|c Marie Fottová, Anna Keřková
|
| 700 |
1 |
|
|a Keřková, Anna
|4 aut
|9 381492
|
| 773 |
0 |
|
|t Predškolská výchova : pedagogický časopis pre učiteľky materských škôl
|g Roč. 26, č. 6 (1971-1972), s. 155-159
|
| 958 |
|
|
|a OND
|
| 958 |
|
|
|a EUIPO
|
| 958 |
|
|
|a article16
|
| 999 |
|
|
|c 2004155
|d 2006085
|